Estudios de historia y derecho.

Gorde:
Xehetasun bibliografikoak
Egile nagusia: Malagón Barceló, Javier (autor)
Formatua: Liburua
Argitaratua: Xalapa, México: Universidad Veracruzana, 1966.
Edizioa:Primera edición.
Saila:Biblioteca de la Facultad de Filosofia, Letras y Ciencias,
Gaiak:
Etiketak: Etiketa erantsi
Etiketarik gabe, Izan zaitez lehena erregistro honi etiketa jartzen!

MARC

LEADER 00000nam a22000007a 4500
003 CL-VaPUC
005 20220822114750.0
008 220729t1966 ||||| |||| 00| 0 eng d
999 |c 437780  |d 437778 
040 |c Pontificia Universidad Católica de Valparaíso 
082 7 |a 342.46 MAL 1966  |2 22 
100 1 |a Malagón Barceló, Javier   |e autor  |9 874380 
245 |a Estudios de historia y derecho.  
250 |a Primera edición. 
260 |a Xalapa, México:  |b Universidad Veracruzana,   |c 1966. 
300 |a 323 páginas.  
490 |a Biblioteca de la Facultad de Filosofia, Letras y Ciencias,   |n 19. 
500 |a c.1 Donación Familia Prof. Alejandro Guzmán Brito. 
583 |c 20220729  |k Cristina María Rojas Aguilar 
650 |a Derecho   |x Colonias   |z España  |9 874381 
942 |2 ddc  |c BK  |n 0 
952 |0 0  |1 0  |2 ddc  |4 0  |6 342_460000000000000_MAL_1966  |7 0  |8 C_AGB  |9 585586  |a BIBDER  |b BIBDER  |d 2022-07-29  |e Donación   |i 5653625  |o 342.46 MAL 1966  |p 5653625  |r 2023-01-25  |t 1  |w 2022-07-29  |y BK_US  |k AGB